Prometeo encadenado : los persas /
Guardado en:
| Autor Principal: | |
|---|---|
| Otros Autores: | |
| Formato: | Libro |
| Publicado: |
Buenos Aires :
Longseller,
2001
|
| Series: | Clásicos de bolsillo. Joyas del teatro; No. 2
|
| Materias: | |
| Etiquetas: |
Agregar Etiqueta
Sin Etiquetas, Sea el primero en etiquetar este registro!
|
| LEADER | 00726nam a22002415a 4500 | ||
|---|---|---|---|
| 001 | CEM.cems011871 | ||
| 005 | 20070530134726.0 | ||
| 008 | 130507s2001##################000#0#####d | ||
| 003 | CEMS | ||
| 020 | |a 9875500364 | ||
| 082 | 0 | 4 | |a 882 |
| 100 | 1 | |a Esquilo | |
| 245 | 1 | 0 | |a Prometeo encadenado : |b los persas / |c Esquilo ; traducido Por Nerio Tello |
| 260 | |a Buenos Aires : |b Longseller, |c 2001 | ||
| 300 | |a 157 p. | ||
| 490 | 0 | |a Clásicos de bolsillo. Joyas del teatro; No. 2 | |
| 505 | 0 | |a Prometeo encadenado -- Los persas | |
| 653 | |a Literatura | ||
| 653 | |a Teatro griego | ||
| 653 | |a Mito de prometeo | ||
| 653 | |a Mitología | ||
| 700 | 1 | |a Tello, Nerio; trad. | |
| 859 | |a CEMS |b BIB. CEMS - 11 de abril |h 882 |i ES68-2 |p 22797.05 |t Ej.1 | ||
